000 00876nam a2200193Ia 4500
008 090123s9999 xx 000 0 und d
082 _b43094
100 _aबियाणी प्रकाश
245 _aलक्ष्मीनिवास मित्तल स्टीलीकंग च्या यशाची कहाणी
250 _a1
260 _c2008
300 _a111
600 _aबियाणी प्रकाश
630 _aलक्ष्मीनिवास मित्तल स्टीलीकंग च्या यशाची कहाणी
700 _aदेशपांडे रेणुकादास
700 _aबियाणी प्रकाश
730 _aलक्ष्मीनिवास मित्तल स्टीलीकंग च्या यशाची कहाणी
942 _cBOOK
999 _c81151
_d81151